00204nam a2200085 4500082001000000245004600010260002600056300000700082650002900089 a549.9 aSeminar on Mineral Resources in Sri Lanka aColombobICHEMCc1984 a77 a Mineral Resourcesa1984